| 000 | 00361 a2200133 4500 | ||
|---|---|---|---|
| 001 | 88456 | ||
| 082 | _aPR 671 | ||
| 090 |
_c41881 _d41881 |
||
| 100 | _aNaim M | ||
| 245 | _aMeasurement of thermal conductivity by comparison method | ||
| 260 |
_aKarachi _bUniversity of Karachi _c1972 |
||
| 300 |
_a68p. _eZaidi, S.K.N |
||
| 500 | _aBE Project Reports | ||
| 942 |
_aUniversity of Karachi _kPR 671 |
||
| 999 |
_c323529 _d323529 |
||